00438nam a2200181Ia 4500003000400000005001700004008004100021020001500062040000700077041000800084082001900092100002100111245004600132260003300178365001300211650001400224650001800238OSt20230525095543.0210423s1999 xx 000 0 und d a8121922208 cAL aeng a305.4 JOSP223 aJOSHI (Savita S) aPerception of women towards life and work aAllahabadbKitab Mahalc1999 b200cINR aSociology aWomen Studies